000 00492nam a2200157 i 4500
001 101609
003 ES-MaACL
005 20230906182937.0
007 t|
008 051021s1918 mx ||||1| spa d
100 1 _aMediz Bolio, Antonio.
_979768
245 1 3 _aLa flecha del sol
_b: poema escénico de la conquista /
_cAntonio Mediz Bolio.
260 _aMérida de Yucatán :
_b[s.n.],
_c1918 (
_fImp. Constitucionalista)
300 _a107 p. :
_bil. ;
_c22 cm.
852 _aES-MaACL
_jC-2888
999 _c101609
_d101609